Bursa rehberi (Record no. 8815)
[ view plain ]
| 000 -BAŞLIK | |
|---|---|
| Sabit Uzunlukta Kontrol Alanı | 00814na a2200277 4500 |
| 001 - KONTROL NUMARASI | |
| Denetim Alanı | 16515 |
| 003 - KONTROL NUMARASI IDENTIFIER | |
| Denetim Alanı | MIRAKIL |
| 005 - SON İŞLEM TARİHİ VE ZAMANI | |
| Denetim Alanı | 20181213155225.0 |
| 008 - SABİT-BOY VERİ ELEMANLARI - GENEL BİLGİLER | |
| Sabit Uzunlukta Kontrol Alanı | 161008b tu 000 0 |
| 035 ## - SİSTEM KONTROL NUMARASI | |
| Sistem Kontrol Numarası | 16515 |
| 040 ## - KATALOGLAMA KAYNAK | |
| Orijinal Kataloglama Ajansı | Milas |
| Kataloglama Dili | tur |
| Metne Dönüştürmek Ajansı | TR-AnCHP |
| 041 ## - DİL KODU | |
| Metin / Ses Parça Veya Ayrı Başlığın Dil Kodu | tur |
| 082 ## - DEWEY ONLU SINIFLANDIRMA NUMARASI | |
| Sınıflandırma Numarası | 956.223 |
| Ürün Numarası | K22b 2009 |
| 090 ## - SINIFLAMA NUMARASI | |
| Sınıflama Numarası | 956.223 K22b 2009 |
| 100 ## - ANA GİRİŞ - KİŞİSEL İSİM | |
| Kişisel Ad | Kadri, Abdülkadir |
| 245 ## - BAŞLIK TABLOSU | |
| Başlık | Bursa rehberi |
| Sorumluluk Tablosu, Vb | Abdülkadir Kadri; hazırlayanlar Mehmet Fatih Birgül, Levent Ali Çanaklı |
| 260 ## - YAYIN, DAĞITIM, VB | |
| Yayın, Dağıtım, Vb Yeri | Ankara |
| Yayıncı, Dağıtıcı, Vs Adı | Bursa İl Özel Idaresi |
| Yayın, Dağıtım, Vb Tarihi | 2009 |
| 300 ## - FİZİKSEL TANIM | |
| Kapsam | 96 s. |
| Diğer Fiziksel Ayrıntıları | fotg. |
| Boyutlar | 21 sm. |
| 490 ## - SERİSİ TABLOSU | |
| Seri Beyanı | Yeşil Şehir Kitaplığı |
| Hacim / Ardışık Tanımı | 6 |
| 504 ## - KAYNAKÇA VB NOT | |
| Kaynakça Vb Notu | Dizin var. |
| 651 ## - KONU KATMA GİRİŞ - COĞRAFİ ADI | |
| Coğrafi İsim | Bursa |
| Genel Alt Bölümü | Rehberler |
| Kronolojik Alt Bölümü | 17. yüzyıl |
| 651 ## - KONU KATMA GİRİŞ - COĞRAFİ ADI | |
| Coğrafi İsim | Bursa |
| Genel Alt Bölümü | Ekonomik durum |
| 700 ## - KATMA GİRİŞ - KİŞİSEL İSİM | |
| Kişisel Ad | Birgül, Mehmet Fatih |
| 700 ## - KATMA GİRİŞ - KİŞİSEL İSİM | |
| Kişisel Ad | Çanaklı, Levent Ali |
| 942 ## - EKLENDİ GİRİŞ ELEMANLARI (KOHA) | |
| Sınıflandırma Veya Raf Düzeni Kaynak | Dewey Decimal Classification |
| Koha Öğesi Türü | Books |
| 999 ## - SİSTEM KONTROL NUMARALARI (KOHA) | |
| Koha Biblionumber | 8815 |
| Koha Biblioitemnumber | 8815 |
| Kalıcı Konum | Mevcut Konum | Edinme Tarihi | Edinim Kaynak | Toplam Check-Out'Lar | Tam Çağrı Numarası | Barkod | Tarih Son Görülme | İtibaren Geçerli Fiyatlar | Koha Öğesi Türü |
|---|---|---|---|---|---|---|---|---|---|
| CHP Kütüphanesi | CHP Kütüphanesi | 10/07/2016 | Bağış | 956.223 K22b 2009 | 004715 | 10/07/2016 | 10/07/2016 | Books |
